Entrenamiento propioceptivo: (Registro nro. 1788)

Detalles MARC
000 -CABECERA
Campo de control interno 00933nam a22002777a 4500
005 - FECHA Y HORA DE LA CATALOGACION
Campo de control 20260121152027.0
008 - ELEMENTOS DE LONGITUD FIJA - INFORMACION
Elementos de Longitud Fija - Informaci 260121t2007 sp ||||| |||| 00| 0 spa d
020 ## - ISBN
ISBN 978-84-9110-062
040 ## - ORIGEN DE LA CATALOGACION
Origen de la Catalogación Iste
041 ## - CODIGO DE LENGUAJE
Código de lenguaje del texto spa
044 ## - CODIGO ISO DE PAIS
Código ISO de País sp
082 ## - NUMERO DE CLASIFICACION CDU
Clasificacion 612.7
Cutter T171
100 ## - AUTOR PERSONAL
Autor Personal Tarantino, Francisco
Titulos u otras palabras asociadas al nombre Autor
Rol del Autor Autor
9 (RLIN) 9001
245 ## - TÍTULO GENERAL
Título Entrenamiento propioceptivo:
Subtítulo principios en el diseño de ejercicios y guías prácticas.
250 ## - EDICION
Edición 1a. ed.
260 ## - EDITORIAL
Ciudad - País Madrid - España
Nombre de la Editorial Medica Panamericana
Fecha 2017
300 ## - DESCRIPCION
Número de páginas 178 páginas,
Información descriptiva gráficos, ilustraciones, tablas.
650 ## - DESCRIPTORES - TEMAS
Temas - Descriptores BASES FISIOLÓGICAS
9 (RLIN) 9002
650 ## - DESCRIPTORES - TEMAS
Temas - Descriptores SISTEMA PROPIOCEPTIVO
9 (RLIN) 9003
650 ## - DESCRIPTORES - TEMAS
Temas - Descriptores DISEÑO DE LOS EJERCICIOS
9 (RLIN) 9004
650 ## - DESCRIPTORES - TEMAS
Temas - Descriptores ZONAS ABDOMINAL, LUMBAR Y PÉLVICA
9 (RLIN) 9005
650 ## - DESCRIPTORES - TEMAS
Temas - Descriptores EXTREMIDADES INFERIORES
9 (RLIN) 9006
653 ## - CATEGORIAS
Categorías Secundarias TECNOLOGÍA Y CIENCIAS MÉDICAS
653 ## - CATEGORIAS
Categorías Secundarias TERAPÉUTICA
942 ## - ELEMENTOS DE KOHA
Esquema de Clasificacion Clasificación decimal universal
Tipo de Documento Libros
Catalogador Usuario Catalogador
Existencias
Estatus retirado Estado de pérdida Fuente de Clasificacion Estado de daño No para préstamo Carrera Dependencia Dependencia Estado Fecha de Adquisición Vía de adquisición Inventario Total de préstamos CDU Código de barras Visto por última vez Numero de copia o ejemplar Tipo de Item
    Clasificación decimal universal     Rehabilitación Física ISTE BG DRS ISTE BG DRS Disponible 2026-01-21 Donación BLDS03112   612.7 T171 BG26010094 2026-01-21 Ej. 1 Libros